Hindutva ka matlab: हिन्दुत्व का मतलब (Record no. 227780)
[ view plain ]
| 000 -LEADER | |
|---|---|
| fixed length control field | 00695nam a22002057a 4500 |
| 005 - DATE AND TIME OF LATEST TRANSACTION | |
| control field | 20230710094447.0 |
| 008 - FIXED-LENGTH DATA ELEMENTS--GENERAL INFORMATION | |
| fixed length control field | 230710b ||||| |||| 00| 0 eng d |
| 040 ## - CATALOGING SOURCE | |
| Transcribing agency | AL |
| 041 ## - LANGUAGE CODE | |
| Language code of text/sound track or separate title | hin |
| 082 ## - DEWEY DECIMAL CLASSIFICATION NUMBER | |
| Edition number | 23 |
| Classification number | H894.4 |
| Item number | SAGH |
| 100 ## - MAIN ENTRY--PERSONAL NAME | |
| Personal name | S L Sagar: एस ऐल सागर |
| 100 ## - MAIN ENTRY--PERSONAL NAME | |
| 9 (RLIN) | 126115 |
| 245 ## - TITLE STATEMENT | |
| Title | Hindutva ka matlab: हिन्दुत्व का मतलब |
| 260 ## - PUBLICATION, DISTRIBUTION, ETC. | |
| Place of publication, distribution, etc. | Uttar Pradesh |
| Name of publisher, distributor, etc. | Sagar Prakashan |
| Date of publication, distribution, etc. | 2004 |
| 300 ## - PHYSICAL DESCRIPTION | |
| Extent | iv,195p. |
| Other physical details | PB |
| Dimensions | 21x13cm. |
| 365 ## - TRADE PRICE | |
| Source of price type code | Hindi |
| 650 ## - SUBJECT ADDED ENTRY--TOPICAL TERM | |
| Topical term or geographic name entry element | Hindi Prose: |
| 9 (RLIN) | 126112 |
| 650 ## - SUBJECT ADDED ENTRY--TOPICAL TERM | |
| Topical term or geographic name entry element | Hindutva aur Dalit: हिन्दुत्व और दलित |
| 9 (RLIN) | 126116 |
| 700 ## - ADDED ENTRY--PERSONAL NAME | |
| Personal name | SAGAR (S L): सागर (एस ऐल) |
| 9 (RLIN) | 126113 |
| 942 ## - ADDED ENTRY ELEMENTS (KOHA) | |
| Source of classification or shelving scheme | Dewey Decimal Classification |
| Koha item type | Donated Books |
| Withdrawn status | Lost status | Source of classification or shelving scheme | Damaged status | Not for loan | Collection code | Home library | Current library | Date acquired | Total Checkouts | Full call number | Barcode | Date last seen | Date last checked out | Price effective from | Koha item type | Public note |
|---|---|---|---|---|---|---|---|---|---|---|---|---|---|---|---|---|
| Dewey Decimal Classification | Hindi | St Aloysius Library | St Aloysius Library | 06/30/2023 | 1 | H894.4 SAGH | D06082 | 11/02/2023 | 10/31/2023 | 07/10/2023 | Donated Books | Donated by V. T. Rajshekar |